| 000 | 00526nam a22001577a 4500 | ||
|---|---|---|---|
| 003 | OSt | ||
| 005 | 20240416161218.0 | ||
| 008 | 240416b |||||||| |||| 00| 0 eng d | ||
| 040 | _cMRSPTU | ||
| 100 | _aShakespare, William (ਸ਼ੈਕਸਪੀਅਰ, ਵਿਲੀਅਮ | ||
| 245 |
_aAntony Te Cleopatra (ਅੰਤੋਨੀ ਤੇ ਕਲੋਪਤਰਾ) _bਸਰਵੋਤਮ ਵਿਸ਼ਵ ਸਾਹਿਤ |
||
| 250 | _a1st | ||
| 260 |
_aPunjab _bDirector Education Department _c1992 |
||
| 300 | _a128 | ||
| 942 |
_2ddc _cBK _n0 |
||
| 999 |
_c10068 _d10068 |
||